000 00467cam a2200181ua 4500
020 _c2.25
041 _ahin
_h
082 _a891.54
_bRAM/BA
100 _aRamnad, Pandey .
245 _aBabu Shyam Sunder Das: Vyakthitv aur krititav /
_cRamnad Pandey.
_hTextual Documents
250 _a1 /
_b.
260 _aVaranasi :
_bHindi Pracharak Pusthakalayam ,
_c1961.
300 _a87 ; .
365 _a2.25
504 _a
942 _cBK
999 _c8186
_d8186